000 00459nam a2200169 i 4500
001 14760
003 ES-MaACL
005 20230906150901.0
007 t|
008 990601s1950 fr ||||1| spa d
080 _a821.134.2-992"19"
100 1 _aPeirats, José.
_989997
245 1 0 _aEstampas del exilio en América /
_cJ. Peirats.
260 _aParis :
_bEdiciones C.N.T.,
_c1950.
300 _a159 p. ;
_c19 cm.
852 _aES-MaACL
_jL-21898
_bR.126911
999 _c14760
_d14760